000 00435nam a2200181Ia 4500
001 9560
005 20260306161727.0
008 260306t1998||||xx |||||||||||||| ||spa||
041 _aESP
082 _a382.1
_bC81
100 _aCornejo Ramírez, Enrique
_eAUT
245 0 _aComercio internacional:
_bhacia una gestión competitiva
260 _c1998
300 _a
_c
650 _aGEN
654 _aCAN
942 _cLIB
_dJUS
_fJUS
_2ddc
_n
999 _c9560
_d9560